| 000 | 00512nam a2200169 a 4500 | ||
|---|---|---|---|
| 005 | 20140412111302.0 | ||
| 008 | 010323s19uu xx 00 eng d | ||
| 020 | _a1-85724-861-9 | ||
| 050 |
_aER _bPi69 1993 |
||
| 245 |
_aPlaytime bunnies / _cillustrations John Collins. |
||
| 260 |
_aNorth Parade, Bath : _bVictoria House Publishing Ltd, _c1993. |
||
| 300 | _a1 v. (unp.) ; ill. | ||
| 440 | _aAn Enchanting Window Story-Book | ||
| 650 | _aBunnies - Stories | ||
| 650 | _aBunnies - Fiction | ||
| 999 |
_c103490 _d103490 |
||